00735nam a2200229Ia 4500003000400000005001700004008004100021020001800062040000700080041000800087082002100095100003600116245005200152250000600204260003700210300001700247365001300264906005100277942001200328999001900340952014600359OSt20230511161039.0210423s2011 xx 000 0 und d a9789350250167 cAL aeng a574.192 VASD223 aVASUDEVAN (D M);others.9103871 aTextbook of biochemistry: for medical students. a6 aNew DelhibJaypee Brothersc2011 axvii,657bPB b725cINR abiochemistry: ; medical ; students. ; Textbook 2ddccBK c164684d164684 001040708BIOCaSACPGbSACPGd2012-11-24eAthulya Booksg725.00l2o574.192 VASDpPG011182r2024-08-17 00:00:00s2024-08-07w2021-04-26yBK